Discrete mathematics (Record no. 8766)
[ view plain ]
| 000 -LEADER | |
|---|---|
| fixed length control field | 00460nam a2200217Ia 4500 |
| 001 - CONTROL NUMBER | |
| control field | 084383 |
| 003 - CONTROL NUMBER IDENTIFIER | |
| control field | YMCAF |
| 005 - DATE AND TIME OF LATEST TRANSACTION | |
| control field | 20230512161449.0 |
| 008 - FIXED-LENGTH DATA ELEMENTS--GENERAL INFORMATION | |
| fixed length control field | 100717s2002 ||||||||||||||||| ||und|d |
| 024 ## - OTHER STANDARD IDENTIFIER | |
| Standard number or code | 84383 |
| 035 ## - SYSTEM CONTROL NUMBER | |
| System control number | 23843 |
| 040 ## - CATALOGING SOURCE | |
| Original cataloging agency | YMCAF |
| Language of cataloging | eng |
| Transcribing agency | IN-KoLT |
| 041 ## - LANGUAGE CODE | |
| Language code of text/sound track or separate title | eng |
| 082 ## - DEWEY DECIMAL CLASSIFICATION NUMBER | |
| Classification number | 511.1 |
| Item number | LIP |
| 100 ## - MAIN ENTRY--PERSONAL NAME | |
| Personal name | Lipschutz, Semour |
| 245 #0 - TITLE STATEMENT | |
| Title | Discrete mathematics |
| 250 ## - EDITION STATEMENT | |
| Edition statement | 2nd |
| 260 ## - PUBLICATION, DISTRIBUTION, ETC. | |
| Name of publisher, distributor, etc. | TMH |
| Date of publication, distribution, etc. | 2002 |
| 300 ## - PHYSICAL DESCRIPTION | |
| Extent | 528 |
| 942 ## - ADDED ENTRY ELEMENTS (KOHA) | |
| Source of classification or shelving scheme | Dewey Decimal Classification |
| Koha item type | Books |
| Withdrawn status | Lost status | Damaged status | Not for loan | Home library | Current library | Date acquired | Cost, normal purchase price | Total Checkouts | Barcode | Date last seen | Date last checked out | Cost, replacement price | Price effective from | Koha item type | Public note | G | Total Renewals |
|---|---|---|---|---|---|---|---|---|---|---|---|---|---|---|---|---|---|
| JC Bose University of Science & Technology | JC Bose University of Science & Technology | 17/07/2010 | 260.00 | 4 | 28949 | 13/11/2024 | 23/10/2024 | 260.00 | 12/05/2023 | Books | C | 15046 | |||||
| JC Bose University of Science & Technology | JC Bose University of Science & Technology | 17/07/2010 | 230.00 | 2 | 23843 | 11/11/2024 | 23/10/2024 | 230.00 | 12/05/2023 | Books | C | LDL5639 | 2 | ||||
| JC Bose University of Science & Technology | JC Bose University of Science & Technology | 17/07/2010 | 230.00 | 1 | 23844 | 09/08/2024 | 24/07/2024 | 230.00 | 12/05/2023 | Books | C | LDL5639 | |||||
| JC Bose University of Science & Technology | JC Bose University of Science & Technology | 17/07/2010 | 230.00 | 2 | 23845 | 16/07/2025 | 02/07/2025 | 230.00 | 12/05/2023 | Books | C | LDL5639 | |||||
| JC Bose University of Science & Technology | JC Bose University of Science & Technology | 17/07/2010 | 230.00 | 23846 | 12/05/2023 | 230.00 | 12/05/2023 | Books | C | LDL5639 | |||||||
| JC Bose University of Science & Technology | JC Bose University of Science & Technology | 17/07/2010 | 230.00 | 1 | 23847 | 23/10/2024 | 09/10/2024 | 230.00 | 12/05/2023 | Books | C | LDL5639 | |||||
| JC Bose University of Science & Technology | JC Bose University of Science & Technology | 17/07/2010 | 245.00 | 27441 | 12/05/2023 | 245.00 | 12/05/2023 | Books | C | 13378 | |||||||
| JC Bose University of Science & Technology | JC Bose University of Science & Technology | 17/07/2010 | 245.00 | 27442 | 12/05/2023 | 245.00 | 12/05/2023 | Books | C | 13378 | |||||||
| JC Bose University of Science & Technology | JC Bose University of Science & Technology | 17/07/2010 | 245.00 | 27443 | 12/05/2023 | 245.00 | 12/05/2023 | Books | C | 13378 | |||||||
| Lost | JC Bose University of Science & Technology | JC Bose University of Science & Technology | 17/07/2010 | 245.00 | 27444 | 12/05/2023 | 245.00 | 12/05/2023 | Books | C | 13378 | ||||||
| JC Bose University of Science & Technology | JC Bose University of Science & Technology | 17/07/2010 | 245.00 | 27445 | 12/05/2023 | 245.00 | 12/05/2023 | Books | C | 13378 | |||||||
| JC Bose University of Science & Technology | JC Bose University of Science & Technology | 17/07/2010 | 260.00 | 1 | 28945 | 12/04/2024 | 01/02/2024 | 260.00 | 12/05/2023 | Books | C | 15046 | 1 | ||||
| JC Bose University of Science & Technology | JC Bose University of Science & Technology | 17/07/2010 | 260.00 | 1 | 28946 | 29/05/2024 | 09/05/2024 | 260.00 | 12/05/2023 | Books | C | 15046 | |||||
| JC Bose University of Science & Technology | JC Bose University of Science & Technology | 17/07/2010 | 260.00 | 28947 | 12/05/2023 | 260.00 | 12/05/2023 | Books | C | 15046 | |||||||
| JC Bose University of Science & Technology | JC Bose University of Science & Technology | 17/07/2010 | 260.00 | 28948 | 12/05/2023 | 260.00 | 12/05/2023 | Books | C | 15046 |